000 00914nam a22001937a 4500
005 20191224042235.0
008 160202b xxu||||| |||| 00| 0 spa d
040 _aCO-BoIAVH
_cCO-BoIAVH
041 _aspa
090 _aLB
_b05906
110 2 _aPontificia Universidad Javeriana.
_bFacultad de Estudios Ambientales y Rurales.
_bInstituto de Estudios Ambientales para el Desarrollo.
245 1 _aCaracterización Biofísica del Altiplano Cundiboyacense
_bCaracterización Socioeconómica de los Sistemas de Producción de la Laguna de Suesca y del Valle Aluvial del Rio Bogotá en Choconta
260 _aBogotá:
_bPontificia Universidad Javeriana. ,Facultad de Estudios Ambientales y Rurales. Instituto de Estudios Ambientales para el Desarrollo.
_c2004.
300 _a44 Paginas
650 6 _aHumedales
650 6 _aPaisajes
650 6 _aLaguna de Suesca
942 _2z
_cINFORME
999 _c18088
_d18088